000 00935cam a22002531 4500
001 ne 68002670
003 DLC
005 20260227111844.0
008 771013s1966 tu cfh b 001 0dtur
010 _ane 68002670
035 _a(OCoLC)3340034
040 _aDLC
_cMiEM
_dDLC
042 _apremarc
050 0 0 _aPL248.F36
_bK3 1966
100 0 _aFigani,
_dapproximately 1505-1532?
245 1 0 _aKanunî Sultan Süleyman caǧı sairlerinden Figanî ve divancesi
_c[derleyen] Abdülkadir Karahan.
260 _aIstanbul,
_bEdebiyat Fakültesi Basımevi,
_c1966.
300 _aA-T, xxx, 214 p.
_bfacsims, plates, ports. (part col.)
_c24 cm.
490 0 _aIstanbul Üniversitesi Edebiyat Fakültesi yayınları,
_vno. 1181
500 _aTitle on spine : Figanî ve divançesi.
500 _a"Figanî et son œuvre" : p.[R]-T.
504 _a"Kaynaklar ve bibliyografik özet" : p.[IX]-XII.
700 1 _aKarahan, Abdülkadir,
_ecomp.
999 _c50574
_d50574